LEADER 01139nam a2200241 i 4500 001 000000153163 003 CaOOAMICUS 005 20060914000000.0 008 060914s1907 it u000 u ita u 013 $a130504 040 $aSeMil$bita 100 1 $aDuse, Samuel August.$0(OLS)http://semarc/name/59968 245 10$aVerso il polo sud :$bmemorie della spedizione antartica diretta dal Prof. O. Nordenskjöld (1901-1903) /$cS. A. Duse ; traduzione dall'originale svedese di Ugo Farfara (unica autorizzata) 260 $aMilano :$bTreves,$c1907. 300 $a220 p. :$bill. ;$c26 cm. 490 0 $aViaggi illustrati 650 4$aSpedizioni polari.$0(OLS)http://semarc/subject/7054 700 1 $aFarfara, Ugo.$0(OLS)http://semarc/name/59969 830 0$aViaggi illustrati.$0(OLS)http://semarc/title/21618 850 $aSeMil 852 $aSeMil$W1$xVenegono$y1$m4Y IV 3$j105107$B105107$CSeMilBibl$Z2$F114338 $81 996 $6245$aVerso il polo sud :$bmemorie della spedizione antartica diretta dal Prof. O. Nordenskjöld (1901-1903)$9(OLS)http://semarc/title/224024 996 $6260$aMilano :$bTreves$9(OLS)http://semarc/publisher/30435 LEADER 01100nam a2200265 i 4500 001 000000154038 003 CaOOAMICUS 005 20061009000000.0 008 061009s1965 it u000 u ita u 013 $a131384 040 $aSeMil$bita 100 1 $aBaldini, Antonio,$d<1889-1962>.$0(OLS)http://semarc/name/7013 245 13$aUn sogno dentro l'altro /$cAntonio Baldini ; a cura di Gabriele Baldini. 260 $a[Milano] :$bArnoldo Mondadori Editore,$c1965. 300 $a285 p. ;$c20 cm. 490 0 $aQuaderni dei narratori italiani ;$v7 500 $aContiene : Appendice. - Fondo Ciprandi. 700 1 $aBaldini, Gabriele,$d<1919-1969>.$0(OLS)http://semarc/name/1187 830 0$aQuaderni dei narratori italiani ;$v7.$0(OLS)http://semarc/title/19282 850 $aSeMil 852 $aSeMil$W1$xVenegono$y1$m1V III 166$j105908$B105908$CSeMilBibl$Z2$F115122 $81 941 1 $a1 961 $aOmaggio: Ciprandi dott. Paolo 996 $6245$aUn sogno dentro l'altro$9(OLS)http://semarc/title/225389 996 $6260$a[Milano] :$bArnoldo Mondadori Editore$9(OLS)http://semarc/publisher/29634